000 00624nam a2200217 i 4500
001 bg
245 0 _aElectronic ignition /
_cAutodata.T.1.
254 _a2300-1
260 _aBerkshire :
_bAutodata,
_c1992.
300 _a672 s. :
_brys. ;
_c30 cm.
490 1 _aThe Autodata Electronic Ignition Series / 1
650 9 _asamochody osobowe europejskie
650 9 _asamochody osobowe japońskie
650 9 _azapłon elektroniczny
830 0 _aThe Autodata Electronic Ignition Series (1)
040 _cBPK
041 _aen
080 _a629.114:621.43
942 _cKA
008 s pl f |000 0 pol
999 _c24146
_d24146
856 _uhttp://koha.tu.koszalin.pl/cgi-bin/koha/opac-detail.pl?biblionumber=24146
_yKatalog online BPK